000 00659nam a22001937a 4500
003 NUST-PNEC
005 20170116180743.0
008 150107b xxu||||| |||| 00| 0 eng d
020 _a9789696030195
040 _cPNEC
082 _a050 GHU
245 _aPakistan Engineering Congress : 72nd Annual Session 2011-2013 PROCEEDINGS, Vol-73
_cEngr. Ch. Ghulam Hussain
250 _aVolume-73
260 _aLahore
_bPEC
_cc2011.
300 _ax, 410 p. :
_bill. ;
_c29 cm.
650 _xGeneral
856 _uhttp://pecongress.org.pk/detail.php?subcat_id=622&cat_id=430&cat_name=72nd%20ANNUAL%20SESSION%202011%962013&maincat_name=Proceedings
942 _2ddc
_cBK
999 _c62268
_d62268